000 01889nam a2200385 c 4500
999 _c56327
_d56327
003 BLK
005 20200424134555.0
008 180408b bul|||||r ||||||| ||bul||
010 _aKNG00060307000
040 _aBLK
041 _aBUL
_cBUL
080 _aОдонтология. Болести на зъбите - Абразио (изтриване), фрактури на зъбите, зъбен камък, зъбна плака, аномалии на зъбите, флуороза на зъбите и др.
_b616.314
_x(035)
_z616.314(035)
080 _aЛекарствени средства според основното им действие
_b615.2
_x(035)
_z615.2(035)
100 1 _aБотушанов, Петър Иванов
_eпърви автор
_9243255
139 _aБотушанов, Петър Иванов и др.
_bБ 69
245 1 0 _aРецептурен справочник за стоматолози
_cПетър Иванов Ботушанов, Стоян Илиев Иванов, Димитринка К. Торева.
257 _aBGR
260 _bМедицина и физкултура
_c1986
_aСофия
300 _a151 с.
_c22 см
380 _a61
500 _aПредм. показалец.
650 4 _aЛекарства - приложение в стоматологията
_9286802
650 4 _aЗъби - болести
_9250056
650 4 _aУстна кухина - болести
_9250055
653 _aлекарства
653 _aстоматология
653 _aсправочници
700 1 _aИванов, Стоян Илиев
_eсъавт.
_9369299
700 1 _aТорева, Димитринка К.
_eсъавт.
_9286801
852 _aЦб 140670
_bЦб
856 4 _qpdf
856 4 _qpdf
942 _cKNG
_n0
_s1
944 _aCR
_c13.06.2004
_kЛюдмила_Стоянова
944 _aED
_c2020-04-24
_lН. Р.
999 _d56327